Prenosné odsávanie a filtračné zariadenia

Podrobná bibliografia
Hlavný autor: Pluhár, Ernest (Autor)
Médium: Článok
Jazyk:slovenčina
Fyzický popis:Obr. 6.
Predmet:

MARC

LEADER 00000nab a2200000 a 4500
001 vtls000312094
003 SK-MaSNL
005 20260304081457.0
008 250424c1978 xo 0 slo
015 |a SNBRB19rr/mm-uuuuu 
035 |a CL0002186 
035 |a urn:nbn:sk:snk-abangg 
035 |a (urnnbn)urn:nbn:sk:snk:ar-a0aobx 
035 |a (uuid)65b13790-9c90-48e5-a4c7-6efb81a46638 
040 |a SNKBUCL  |b slo  |c SNKBUCL  |e AACR2 
041 0 |a slo 
044 |a xo  |c SK 
080 |a 621.791  |2 1981 
080 |a 613.6  |2 1981 
100 1 |a Pluhár, Ernest  |4 aut  |9 674188 
245 1 0 |a Prenosné odsávanie a filtračné zariadenia  |c Ernest Pluhár 
300 |b Obr. 6. 
650 0 7 |a zváranie  |2 snkbucl  |9 1839 
650 0 7 |a hygiena  |2 snkbucl  |9 16835 
650 0 7 |a prístroje  |2 snkbucl  |9 58201 
655 7 |a články z novín a časopisov  |2 snkbucl  |9 267496 
773 0 |t Bezpečná práca  |g Roč. 9, č. 1 (1978), s. 41-42 
850 |a Slovenská národná knižnica 
852 |a Slovenská národná knižnica 
954 |a odborná, vedecká literatúra pôvodná (slovenská)  |2 lita 
958 |a article14 
958 |a OND 
958 |a RK 
958 |a MI 
958 |a EUIPO 
992 |a RBX 
999 |c 2790949  |d 2792879